000 00657nam a2200241 i 4500
001 15872
003 ES-MaACL
005 20231114062527.0
007 t|
008 000512s1999 sp ||||0| spa j
020 _a84-322-0788-8
040 _aM-BN
_bspa
_cM-BN
080 _a821.134.2(72)-31"19"
100 1 _aVolpi, Jorge.
_9115716
245 1 0 _aEn busca de Klingsor /
_cJorge Volpi.
250 _a1ยช ed.
260 _aBarcelona :
_bSeix Barral,
_c1999.
300 _a444 p. ;
_c24 cm.
490 1 _aBiblioteca breve
830 0 _aBiblioteca breve (Seix Barral)
_9227188
852 _aES-MaACL
_jL-22861
_bR.128083
999 _c15872
_d15872